MARC

LEADER 00000nam0a2200000 4500
001 683802
005 20251218135713.0
090 |a 683802 
100 |a 20251218d1976 k||y0rusy50 ca 
101 0 |a rus 
102 |a RU 
105 |a a z 001yy 
181 0 |a i   |b  e  
182 0 |a n 
183 0 |a nc  |2 RDAcarrier 
200 1 |a Методика регионального прогнозирования месторождений полезных ископаемых  |e сборник  |f Всесоюзный научно-исследовательский геологический институт 
203 |a Текст  |b визуальный  |c непосредственный 
210 |a Ленинград  |c [Б. и.]  |d 1976 
215 |a 143 с.  |c ил. 
225 1 |a Труды Новая серия   |f Всесоюзный научно-исследовательский геологический институт  |v Т. 227 
283 |a volume  |2 RDAcarrier 
606 |a Полезные ископаемые  |x Прогноз  |9 68858 
610 1 |a месторождения 
610 1 |a формационные типы 
610 1 |a прогнозирование 
610 1 |a критерии 
610 1 |a анализ 
610 1 |a математические методы 
610 1 |a блоковая тектоника 
610 1 |a формационный анализ 
610 1 |a использование 
675 |a 553.044  |v 4 
712 0 2 |a Всесоюзный научно-исследовательский геологический институт  |c (Ленинград)  |c (1939-1992)  |4 570  |9 25071 
801 0 |a RU  |b 63413507  |c 20251218 
830 |a Ретро2025Каталогизация Шило 
850 |a 63413507 
942 |c BK